| 000 | 00607nam a2200229Ia 4500 | ||
|---|---|---|---|
| 005 | 20260320201107.0 | ||
| 008 | 008 262003s9999 xx 000 0 eng d | ||
| 037 | _aEBOOK | ||
| 040 | _aCRL | ||
| 040 | _beng | ||
| 040 | _cCRL | ||
| 041 | _2eng | ||
| 041 | _aeng | ||
| 084 | _qCRL | ||
| 245 | 0 | _aModel Optimization Methods for Efficient and Edge AI: Federated Learning Architectures, Frameworks and Applications | |
| 260 | _bIEEE | ||
| 260 | _c2025 | ||
| 856 | _uhttps://ieeexplore.ieee.org/servlet/opac?bknumber=10770699 | ||
| 942 | _cEBOOK | ||
| 999 |
_c1718826 _d1718826 |
||